00353nam a2200121Ia 4500008004100000041000800041082001200049100002700061245002800088260005200116300002000168520004300188240719s9999 xx 000 0 und d aeng a920 YOG aYogananda, Paramahansa aAutobiography Of A Yogi aKolkatabYogoda Satsanga Society Of Indiac2006 a508.; P. 22 Cm. aGifted By : IMT Faculty Dr. Pawan Jain